Catalog

Record Details

Catalog Search



Současné podoby občanské společnosti : kritická perspektiva  Cover Image Book Book

Současné podoby občanské společnosti : kritická perspektiva / Lenka Strnadová

Record details

  • ISBN: 978-80-7380-081-9 (brož.)
  • Physical Description: 361 s. : il. ; 21 cm
  • Publisher: Plzeň : Vydavatelství a nakladatelství Aleš Čeněk, 2008

Content descriptions

General Note:
Na obálce nad názvem: Fakulta filozofická Západočeské univerzity v Plzni
Bibliography, etc. Note:
Obsahuje bibliografii a bibliografické odkazy
Subject: občanská společnost
politické teorie
politická filozofie
civil society
political theories
political philosophy
Genre: studie
studies

Available copies

  • 1 of 1 copy available at Common Catalog SPOK.

Holds

  • 0 current holds with 1 total copy.
Show Only Available Copies
Location Call Number / Copy Notes Barcode Shelving Location Status Due Date
Jabok Library Soc-5.3 424480035316 Odborná literatura Available -

LDR 02758nam a2200733 a 4500
00118651
003CZ-PrJAB
00520220328095405.0
007ta
008080314s2008 xr a e 000 0 cze
015 . ‡acnb001796510
020 . ‡a978-80-7380-081-9 (brož.)
035 . ‡a(CZ PrSKC)nkc20081796510
035 . ‡a(OCoLC)276815454
040 . ‡aABA001 ‡bcze
072 7. ‡a321 ‡xPolitologie ‡2Konspekt ‡915
080 . ‡a323.21 ‡2MRF
080 . ‡a321.01 ‡2MRF
080 . ‡a32:1 ‡2MRF
080 . ‡a(048.8) ‡2MRF
1001 . ‡aStrnadová, Lenka ‡7uk2008347684 ‡4aut
24510. ‡aSoučasné podoby občanské společnosti : ‡bkritická perspektiva / ‡cLenka Strnadová
260 . ‡aPlzeň : ‡bVydavatelství a nakladatelství Aleš Čeněk, ‡c2008
300 . ‡a361 s. : ‡bil. ; ‡c21 cm
500 . ‡aNa obálce nad názvem: Fakulta filozofická Západočeské univerzity v Plzni
504 . ‡aObsahuje bibliografii a bibliografické odkazy
65007. ‡aobčanská společnost ‡7ph123633 ‡2czenas
65007. ‡apolitické teorie ‡7ph115791 ‡2czenas
65007. ‡apolitická filozofie ‡7ph115786 ‡2czenas
65009. ‡acivil society ‡2eczenas
65009. ‡apolitical theories ‡2eczenas
65009. ‡apolitical philosophy ‡2eczenas
655 7. ‡astudie ‡7fd133597 ‡2czenas
655 9. ‡astudies ‡2eczenas
7102 . ‡aZápadočeská univerzita. ‡bFilozofická fakulta ‡7pna2005285429
910 . ‡aABG312
901 . ‡a18651 ‡b ‡c18651 ‡tbiblio

Additional Resources